LEADER 01026nam a2200241 i 4500 001 000000012385 003 CaOOAMICUS 005 20180830125441.0 008 180830s1999 it u000 u ita u 040 $aSeMil$bita 245 10$aStoria di Roma dall'antichità a oggi. 260 $aRoma ; Bari :$bLaterza & Figli,$c1999-2002. 300 $a6 v. . ill. ;$c22 cm. 500 $aContiene : Bibliografie. - Opera contenuta in cofanetto. 650 4$aRoma - Storia.$0(OLS)http://semarc/subject/1163 774 0 $tRoma medievale.$z88-420-6274-X$w()97467 774 0 $tRoma del Duemila.$d[Italia] : Amici dei Bambini, [199?]$w()113527 774 0 $tRoma capitale.$z88-420-6720-2$w()129783 774 0 $tRoma del Rinascimento.$z88-420-6423-8$w()130270 774 0 $tRoma moderna.$z88-420-6701-6$w()130431 774 0 $tRoma antica.$b2 ed.$z88-420-6131-X$w()130894 996 $6245$aStoria di Roma dall'antichità a oggi$9(OLS)http://semarc/title/16436 996 $6260$aRoma ; Bari :$bLaterza & Figli$9(OLS)http://semarc/publisher/29696 LEADER 01037nam a2200241 i 4500 001 000000203252 003 CaOOAMICUS 005 20120117000000.0 008 120117s1961 it u000 u ita u 013 $a181964 040 $aSeMil$bita 100 1 $aGrimal, Pierre,$d<1912-1996>.$0(OLS)http://semarc/name/24438 245 10$aAlla ricerca dell'Italia antica /$cPierre Grimal ; traduzione di Dante Interlandi. 260 $aMilano :$bMartello,$c1961. 300 $aXXV, 308 p., 60 p. di tav. :$bill. ;$c20 cm. 650 4$aItalia antica - Civiltà.$0(OLS)http://semarc/subject/13826 650 4$aArcheologia - Italia.$0(OLS)http://semarc/subject/29733 700 1 $aInterlandi, Dante.$0(OLS)http://semarc/name/73404 850 $aSeMil 852 $aSeMil$W1$xVenegono$y1$m3S II 59$j153748$B153748$CSeMilBibl$Z2$F172025 $81 961 $aOmaggio: Istituto San Vincenzo 996 $6245$aAlla ricerca dell'Italia antica$9(OLS)http://semarc/title/294276 996 $6260$aMilano :$bMartello$9(OLS)http://semarc/publisher/29668